<?xml version="1.0" encoding="UTF-8"?>
<record
    xmlns:xsi="http://www.w3.org/2001/XMLSchema-instance"
    xsi:schemaLocation="http://www.loc.gov/MARC21/slim http://www.loc.gov/standards/marcxml/schema/MARC21slim.xsd"
    xmlns="http://www.loc.gov/MARC21/slim">

  <leader>00659nam a2200241 a 4500</leader>
  <datafield tag="999" ind1=" " ind2=" ">
    <subfield code="c">1199</subfield>
    <subfield code="d">1199</subfield>
  </datafield>
  <controlfield tag="008">191210r20112012ii a|||g |||| 001 0 eng d</controlfield>
  <datafield tag="020" ind1=" " ind2=" ">
    <subfield code="a">9788131734483</subfield>
    <subfield code="c">Rs. 650.00</subfield>
  </datafield>
  <datafield tag="040" ind1=" " ind2=" ">
    <subfield code="a">KO</subfield>
    <subfield code="b">eng</subfield>
  </datafield>
  <datafield tag="041" ind1="0" ind2=" ">
    <subfield code="a">eng</subfield>
  </datafield>
  <datafield tag="044" ind1=" " ind2=" ">
    <subfield code="a">ii</subfield>
  </datafield>
  <datafield tag="082" ind1="0" ind2="4">
    <subfield code="2">23</subfield>
    <subfield code="a">621.3815</subfield>
    <subfield code="b">F6696</subfield>
  </datafield>
  <datafield tag="100" ind1="1" ind2=" ">
    <subfield code="a">Floyd, Thomas L.</subfield>
  </datafield>
  <datafield tag="245" ind1="1" ind2="0">
    <subfield code="a">Digital Fundamentals /</subfield>
  </datafield>
  <datafield tag="250" ind1=" " ind2=" ">
    <subfield code="a">10th ed.</subfield>
  </datafield>
  <datafield tag="260" ind1=" " ind2=" ">
    <subfield code="a">Noida :</subfield>
    <subfield code="b">Dorling Kindersley (India) Pvt Ltd,</subfield>
    <subfield code="c">2011, reprinted 2012</subfield>
  </datafield>
  <datafield tag="300" ind1=" " ind2=" ">
    <subfield code="a">vi, 659 p. :</subfield>
    <subfield code="b">ill. ;</subfield>
    <subfield code="c">27 cm.</subfield>
  </datafield>
  <datafield tag="504" ind1=" " ind2=" ">
    <subfield code="a">Includes index.</subfield>
  </datafield>
  <datafield tag="650" ind1=" " ind2="0">
    <subfield code="a">Digital electronics</subfield>
    <subfield code="v">Textbooks</subfield>
  </datafield>
  <datafield tag="650" ind1=" " ind2="0">
    <subfield code="a">Logic circuits</subfield>
  </datafield>
  <datafield tag="852" ind1=" " ind2=" ">
    <subfield code="a">KO</subfield>
  </datafield>
  <datafield tag="904" ind1=" " ind2=" ">
    <subfield code="a">S_JOY</subfield>
  </datafield>
  <datafield tag="942" ind1=" " ind2=" ">
    <subfield code="c">BK</subfield>
  </datafield>
  <datafield tag="952" ind1=" " ind2=" ">
    <subfield code="0">0</subfield>
    <subfield code="1">0</subfield>
    <subfield code="2">ddc</subfield>
    <subfield code="4">0</subfield>
    <subfield code="6">621_381500000000000_F6696</subfield>
    <subfield code="7">0</subfield>
    <subfield code="8">ENGS</subfield>
    <subfield code="9">4838</subfield>
    <subfield code="a">KO</subfield>
    <subfield code="b">KO</subfield>
    <subfield code="c">GEN</subfield>
    <subfield code="d">2013-10-29</subfield>
    <subfield code="e">M/s Current Books (Inv. No.925 Dt 2013-12-02)</subfield>
    <subfield code="g">650.00</subfield>
    <subfield code="o">621.3815 F6696</subfield>
    <subfield code="p">BK000968</subfield>
    <subfield code="r">2019-12-10</subfield>
    <subfield code="y">BK</subfield>
    <subfield code="z">Gen. Shelf-12, Row-4</subfield>
  </datafield>
</record>
